000
00447nam a2200145Ia 4500
008
100204s9999 xx 000 0 und d
082
_b
16789
100
_a
स्वामी विवेकानंद
245
_a
दैवी वाणी
260
_b
"रामकृष्ण मठ , नागपूर"
_c
1982 4
300
_a
218
630
_a
दैवी वाणी
730
_a
दैवी वाणी
942
_c
BOOK
999
_c
461212
_d
461209